On the right of self-determination of the armenian people of Nagorno-Karabakh. / (Record no. 55435)
[ view plain ]
| 000 -LEADER | |
|---|---|
| fixed length control field | 00618nam a22001937a 4500 |
| 003 - CONTROL NUMBER IDENTIFIER | |
| control field | SEM |
| 005 - DATE AND TIME OF LATEST TRANSACTION | |
| control field | 20220608072414.0 |
| 008 - FIXED-LENGTH DATA ELEMENTS--GENERAL INFORMATION | |
| fixed length control field | 170718b xxu||||| |||| 00| 0 eng |
| 040 ## - CATALOGING SOURCE | |
| Original cataloging agency | |
| Transcribing agency | |
| 041 1# - LANGUAGE CODE | |
| Language code of text/sound track or separate title | eng. |
| Language code of original | germ. |
| 080 ## - UNIVERSAL DECIMAL CLASSIFICATION NUMBER | |
| Universal Decimal Classification number | 947.925(K)/A-82 |
| 100 1# - MAIN ENTRY--PERSONAL NAME | |
| Personal name | Asenbauer Haig E. |
| 245 24 - TITLE STATEMENT | |
| Title | On the right of self-determination of the armenian people of Nagorno-Karabakh. / |
| Statement of responsibility, etc. | H. Asenbauer; Trl.: M. Papazian |
| 260 ## - PUBLICATION, DISTRIBUTION, ETC. | |
| Place of publication, distribution, etc. | New York: |
| Name of publisher, distributor, etc. | The Armenian prelacy, |
| Date of publication, distribution, etc. | 1996. |
| 300 ## - PHYSICAL DESCRIPTION | |
| Extent | 355 p.; |
| Other physical details | maps; |
| Dimensions | 24 cm. |
| 650 ## - SUBJECT ADDED ENTRY--TOPICAL TERM | |
| Topical term or geographic name entry element | History of Armenia |
| General subdivision | Nagorno-Karabakh |
| 700 1# - ADDED ENTRY--PERSONAL NAME | |
| Personal name | Papazian Michael |
| Relationship | trl. |
| 942 ## - ADDED ENTRY ELEMENTS (KOHA) | |
| Source of classification or shelving scheme | Universal Decimal Classification |
| Koha item type | Գրքեր/Books |
| Withdrawn status | Lost status | Source of classification or shelving scheme | Damaged status | Not for loan | Collection code | Home library | Current library | Date acquired | Cost, normal purchase price | Inventory number | Total Checkouts | Full call number | Barcode | Date last seen | Price effective from | Koha item type | Public note |
|---|---|---|---|---|---|---|---|---|---|---|---|---|---|---|---|---|---|
| Universal Decimal Classification | Գրապահոց | Մայր Աթոռ Սուրբ Էջմիածին «Վաչե և Թամար Մանուկյան» Մատենադարան | Մայր Աթոռ Սուրբ Էջմիածին «Վաչե և Թամար Մանուկյան» Մատենադարան | 18/07/2017 | 2000.00 | E-1089 | 947.925(K)/A-82 | E-1089 | 18/07/2017 | 08/06/2022 | Գրքեր/Books | Սպասարկվում է 30 օր | |||||
| Universal Decimal Classification | Գրապահոց | Մայր Աթոռ Սուրբ Էջմիածին «Վաչե և Թամար Մանուկյան» Մատենադարան | Մայր Աթոռ Սուրբ Էջմիածին «Վաչե և Թամար Մանուկյան» Մատենադարան | 18/07/2017 | 3000.00 | E-6189 | 947.925(K)/A-82 | E-6189 | 18/07/2017 | 08/06/2022 | Գրքեր/Books | Սպասարկվում է ընթերցասրահ | |||||
| Universal Decimal Classification | Գրապահոց | Մայր Աթոռ Սուրբ Էջմիածին «Վաչե և Թամար Մանուկյան» Մատենադարան | Մայր Աթոռ Սուրբ Էջմիածին «Վաչե և Թամար Մանուկյան» Մատենադարան | 19/01/2018 | 3000.00 | E-6477 | 947.925(K)/A-82 | E-6477 | 19/01/2018 | 19/01/2018 | Գրքեր/Books | Սպասարկվում է 30 օր |